Panchayati raj / (Record no. 91294)

MARC details
000 -LEADER
fixed length control field 00847nam a22002417a 4500
005 - DATE AND TIME OF LATEST TRANSACTION
control field 20150309114113.0
010 ## - LCCN (DPL NO)
LC control number ENG-112122
020 ## - INTERNATIONAL STANDARD BOOK NUMBER
International Standard Book Number 9780198090434
Terms of availability 195.00
020 ## - INTERNATIONAL STANDARD BOOK NUMBER
International Standard Book Number 0198090439
Terms of availability 195.00
035 ## - SYSTEM CONTROL NUMBER
System control number EN-95654
037 ## - SOURCE OF ACQUISITION
Source of stock number/acquisition DBAD/PUB
082 ## - DEWEY DECIMAL CLASSIFICATION NUMBER
Classification number 320.80954
100 ## - MAIN ENTRY--PERSONAL NAME
Personal name Mathur, Kuldeep
245 ## - TITLE STATEMENT
Title Panchayati raj /
Statement of responsibility, etc by Kuldeep Mathur
260 ## - PUBLICATION, DISTRIBUTION, ETC. (IMPRINT)
Place of publication, distribution, etc New Delhi
Name of publisher, distributor, etc Oxford University Press
Date of publication, distribution, etc 2013
270 ## - ADDRESS
Address YMCA Library Building, 1, Jai Singh Road,
City New Delhi
Postal code 110001
300 ## - PHYSICAL DESCRIPTION
Extent xxix,172p.
Dimensions 18cm(pbk)
490 ## - SERIES STATEMENT
Series statement Oxford india short introductions
500 ## - GENERAL NOTE
General note Includes bibliographical references (pages 148-158) and index.
650 ## - SUBJECT ADDED ENTRY--TOPICAL TERM
Topical term or geographic name as entry element Panchayat
Geographic subdivision India
General subdivision History
Chronological subdivision 20th century.
650 ## - SUBJECT ADDED ENTRY--TOPICAL TERM
Topical term or geographic name as entry element Decentralization in government
Geographic subdivision India
General subdivision History
Chronological subdivision 20th century.
942 ## - ADDED ENTRY ELEMENTS (KOHA)
Source of classification or shelving scheme Dewey Decimal Classification
Item type English Books
Call number suffix MAT
Classification part 320.80954
Holdings
Withdrawn status Lost status Not for loan Collection code Home library Current library Date acquired Source of acquisition Cost, normal purchase price Full call number Barcode Copy number Cost, replacement price Koha item type
    Not For Loan Non-fiction D.B.Act.Division D.B.Act.Division 06/02/2015 DBAD/PUB 195.00 320.80954 MAT EN-95654 1 195.00 English Books

© Delhi Public Library
Hit Counter
free hit counter